Stations du tramway 3A/3B de Paris - Statistiques

Statistiques générales
  • Ce quiz a été pris 106 fois
    21 depuis la dernière actualisation
  • Le résultat moyen est 28 sur 56
Statistiques - réponses
Réponse % Correct
Porte d'Orléans
85%
Cité Universitaire
80%
Porte de Vanves
80%
Porte de Versailles
80%
Porte de Choisy
75%
Porte de Montreuil
75%
Porte de Pantin
75%
Porte de Vincennes
75%
Porte Dorée
75%
Didot
70%
Pont du Garigliano
70%
Porte de Charenton
70%
Porte de la Villette
70%
Porte d'Ivry
70%
Stade Charléty
70%
Montsouris
65%
Porte d'Italie
65%
Porte de Clichy
60%
Avenue de France
55%
Balard
55%
Hôpital Robert Debré
55%
Porte d'Aubervilliers
55%
Porte de la Chapelle
55%
Porte de Saint Ouen
55%
Porte des Lilas
55%
Alexandra David-Néel
50%
Baron le Roy
50%
Georges Brassens
50%
Jean Moulin
50%
Maryse Bastié
50%
Montempoivre
50%
Porte de Clignancourt
50%
Poterne des Peupliers
50%
Ella Fitzgerald
45%
Porte Dauphine
45%
Porte Maillot
45%
Rosa Parks
45%
Brancion
40%
Honoré de Balzac
40%
Marie de Miribel
40%
Porte de Bagnolet
40%
Adrienne Bolland
35%
Butte du Chapeau Rouge
35%
Colette Besson
35%
Desnouettes
35%
Séverine
35%
Delphine Seyrig
30%
Diane Arbus
30%
Angélique Compoint
25%
Anna de Noailles
25%
Canal Saint-Denis
25%
Epinettes-Pouchet
25%
Porte de Champerret
25%
Anny Flore
15%
Thérèse Pierre
15%
Porte d'Asnières - Marguerite Long
10%
Aucun quiz correspondant
Distribution des résultats
% des personnes avec chaque résultat
Percentile par nombre de réponses
Votre historique - résultats
Vous n’avez pas pris ce quiz depuis la dernière actualisation